[Event "Araraquara op 2nd"]
[Site "Araraquara"]
[Date "2024.02.11"]
[Round "4"]
[White "De Oliveira, Matheus Tavares"]
[Black "Silva, Augusto Henrique"]
[Result "1-0"]
[WhiteElo "1669"]
[BlackElo "1180"]
[PlyCount "41"]
[EventDate "2024.02.10"]
[EventType "swiss"]
[EventRounds "7"]
[EventCountry "BRA"]
[SourceTitle "CB09_2024"]
[SourceDate "2024.02.28"]
[SourceVersion "1"]
[SourceVersionDate "2024.02.28"]
[SourceQuality "1"]

1. d4 d5 2. c4 e6 3. Nf3 Nf6 4. g3 Be7 5. Bg2 0-0 6. Qc2 Nc6 7. 0-0 b6 8. cxd5 Nb4 9. Qd1 Nbxd5 10. Nc3 Bb7 11. Re1 Nxc3 12. bxc3 c5 13. Bg5 Rc8 14. a4 Nd5 15. Bd2 Nf6 16. Qb3 Bxf3 17. Bxf3 cxd4 18. cxd4 Qxd4 19. Qd3 Rfd8 20. Qa6 Rd7 21. Qxc8+ 1-0